इसे छोड़कर सामग्री पर बढ़ने के लिए
Inicio
Centros participantes
Catálogo
Servicios
Contacto
लॉग इन करें
English
Deutsch
Español
Français
Italiano
日本語
Nederlands
Português
Português (Brasil)
中文(简体)
中文(繁體)
Türkçe
עברית
Gaeilge
Cymraeg
Ελληνικά
Català
Euskara
Русский
Čeština
Suomi
Svenska
polski
Dansk
slovenščina
اللغة العربية
বাংলা
Galego
Tiếng Việt
Hrvatski
हिंदी
Հայերէն
Українська
Sámegiella
भाषा
सभी फ़ील्ड्स
शीर्षक
लेखक
विषय
बोधानक
आईएसबीएन / आईएसएसएन
टैग
खोज
उन्नत
La reforma monetaria en el IV...
इसे उद्धृत करें
इसे ईमेल करें
प्रिंट
निर्यात रिकॉर्ड
को निर्यात RefWorks
को निर्यात EndNoteWeb
को निर्यात EndNote
सूची में सहेजें
स्थायी लिंक
पहली रेटिंग जोड़ें
La reforma monetaria en el IV Informe Presidencial /
में बचाया:
ग्रंथसूची विवरण
मुख्य लेखक:
Marique Campos, Irma
स्वरूप:
मूलपाठ
विषय:
ECONOMIA
MEXICO
टैग:
टैग जोड़ें
कोई टैग नहीं, इस रिकॉर्ड को टैग करने वाले पहले व्यक्ति बनें!
होल्डिंग्स
विवरण
टिप्पणियाँ
समान संसाधन
स्टाफ के लिए
MARC
LEADER
00000 a a2200000 04500
001
45869
003
040
100
|a
Marique Campos, Irma
245
|a
La reforma monetaria en el IV Informe Presidencial /
|c
Irma Manrique Campos
650
|a
ECONOMIA
650
|a
MEXICO
773
|g
número65 (1993), páginas 8-10
999
|c
40208
|d
40208
समान संसाधन
La reforma monetaria en el IV Informe Presidencial /
द्वारा: Marique Campos, Irma
La política fiscal en el IV Informe de Gobierno /
द्वारा: Astudillo Moya, Marcela
La crisis monetaria y el nuevo orden económico internacional /
द्वारा: Manrique Campos, Ma. Irma
El TLC y la nueva cultura laboral /
द्वारा: Campos Aragón, Leticia
Transmisión monetaria en Costa Rica /
द्वारा: Flores, Melania